000 00365 a2200169 4500
001 174742
020 _a85-262-1748-8
040 _cMagnum
100 _aMonteiro, José Maviael
240 1 0 _aO grande herói
_lpor
245 1 0 _aO grande herói
300 _a48
362 0 _a1991
440 1 _aScipione
697 _aLITERATURA INFANTO-JUVENIL
942 _cBK
999 _c174742
_d174742